Normal view
MARC view
Entry Topical Term
001 - CONTROL NUMBER
- control field: 36121
003 - CONTROL NUMBER IDENTIFIER
- control field: ARRUPE
005 - DATE AND TIME OF LATEST TRANSACTION
- control field: 20170922110030.0
008 - FIXED-LENGTH DATA ELEMENTS
- fixed length control field: 170922|| aca||aabn | a|a d
040 ## - CATALOGING SOURCE
- Original cataloging agency: ARRUPE
- Transcribing agency: ARRUPE
150 ## - HEADING--TOPICAL TERM
- Topical term or geographic name as entry element: Self-reliance in children
670 ## - SOURCE DATA FOUND
- Source citation: Work cat.: (ARRUPE)126976: Glenn, H. Stephen 36024, Raising children for success:, 1987